Sports Quiz

Random Sports Quiz

Sydney Swans Players of the 90's Quiz Stats

 Plays Quiz not verified by Sporcle

Also try: First NASCAR Wins
Challenge
Share
Tweet
Embed
Score 0/147 Timer 20:00
0 Plays Today
Career Span (Club Span) Player % Correct
1983 - 1999, 2002 (1995 - 1999, 2002)Tony Lockett
96.9%
1990 - 2002Paul Kelly
95.8%
1995 - 2009Michael O'Loughlin
95.8%
1999 - 2011*Adam Goodes
95.8%
1984 - 1991 (1986 - 1991)David Bolton
92.7%
1999 - 2011*Jude Bolton
92.7%
1984 - 1997 (1986 - 1991)Greg Williams
91.7%
1990 - 2001Troy Luff
89.6%
1992 - 2002 Andrew Dunkley
89.6%
1993 - 2006 (1993 - 2001)Greg Stafford
89.6%
1982 - 1998 (1995 - 1998)Paul Roos
89.6%
1990 - 2001Dale Lewis
87.5%
1995 - 2008 (1995 - 1997)Shannon Grant
87.5%
1995 - 2009 (1995 - 1996)Anthony Rocca
87.5%
1990 - 2005 (1996 - 2005)Stuart Maxfield
87.5%
1985 - 1998Mark Bayes
86.5%
1992 - 2003Daryn Cresswell
86.5%
1994Shayne Smith
82.3%
1989 - 1991, 1993 - 2000 (1996 - 2000)Craig O'Brien
82.3%
1979 - 1990 (1986 - 1990)Gerard Healy
81.3%
1995 - 2009Leo Barry
81.3%
1988 - 2002 (1998 - 2002)Wayne Schwass
81.3%
1999 - 2010Brett Kirk
81.3%
1989 - 1998 (1992 - 1994)Simon Minton-Connell
79.2%
1991 - 1992, 1994 (1994)Matthew AhMat
79.2%
1995 - 2001 (1998 - 2001)Robert AhMat
79.2%
1997, 1999 - 2008Ben Mathews
76%
1983 - 1991 (1983 - 1987, 1991)Warwick Capper
75%
1992 - 1993Gary Stevens
75%
1996 - 2000 (1996 - 1999)Stefan Carey
75%
1997 - 2001John Stevens
75%
1998 - 2009Jared Crouch
75%
1994 - 2003Daniel McPherson
74%
1991 - 1997 (1996 - 1997)Kevin Dyson
74%
1994 - 2004 (1997 - 2004)Rowan Warfe
74%
1989 - 1994Sanford Wheeler
72.9%
1994 - 2003Brad Seymour
72.9%
1997 - 2007 (1997 - 1998)Paul Licuria
72.9%
1994 - 1999Wade Chapman
71.9%
1989 - 1996 (1994 - 1996)Derek Kickett
71.9%
1998 - 2008 (1998 - 2005)Jason Saddington
71.9%
1974 - 1990 (1980 - 1990)Rod Carter
70.8%
1984 - 1996 (1984 - 1992)Barry Mitchell
70.8%
1981 - 1993Dennis Carroll
70.8%
1999 - 2008Nic Fosdike
70.8%
1990 - 1994 (1990 - 1993)Gareth John
69.8%
1982 - 1992, 1994 - 1995 (1994)Dermott Brereton
69.8%
1992 - 2001 (1992 - 1998)Jason Mooney
67.7%
1996 - 2005Matthew Nicks
67.7%
Career Span (Club Span) Player % Correct
1997 - 2007 (1997 - 1999)Troy Cook
67.7%
1982 - 1998 (1993)Richard Osborne
66.7%
1994 - 2000 (1994 - 1996)Adam Heuskes
66.7%
1999, 2001, 2003 - 2004Heath James
66.7%
1981 - 1993 (1986 - 1991)Bernard Toohey
65.6%
1991 - 1994Jamie Lawson
65.6%
1991 - 1992, 1994, 1996 - 2000 (1994, 1996 - 2000)Peter Filandia
65.6%
1994 - 2004 (1994 - 1997)Simon Garlick
65.6%
1988 - 1990David Brown
64.6%
1987 - 1996 (1993 - 1996)Dean McRae
64.6%
1995 - 2000 (1995 - 1998)Simon Arnott
64.6%
1995 - 2000 (1997 - 1998)Mark Orchard
64.6%
1990 - 1999 (1999)Scott Russell
64.6%
1984 - 1993David Murphy
63.5%
1995 - 1998 (1995 - 1996)Justin Crawford
63.5%
1992 - 1997 (1992 - 1996)Troy Gray
62.5%
1996 - 2003 (1996 - 1997)Clinton King
62.5%
1994 - 2000 (1999 - 2000)Ryan O'Connor
62.5%
1979 - 1991Ian Roberts
60.4%
1987 - 1998 (1992 - 1995)Darren Kappler
59.4%
1995 - 1998 (1998)Brent Green
59.4%
1997 - 2000 (1999 - 2000)Andrew Bomford
59.4%
1979 - 1992Stephen Wright
58.3%
1994 - 2007 (1994 - 1995)Darren Gaspar
58.3%
1992 - 1996Gavin Rose
57.3%
1996 - 1997 (1997)Ben Wilson
57.3%
1990, 1992 - 1999 (1990, 1992)Dion Scott
56.3%
1988 - 1998 (1993 - 1995)Jayson Daniels
56.3%
1995Tim Scott
56.3%
1993 - 1997Scott Direen
54.2%
1999 - 2001Simon Feast
54.2%
1991 - 1996 (1991 - 1994)Darren Holmes
52.1%
1992 - 1993, 1995 (1993)John Hutton
51%
1991 - 1992, 1994 - 1999 (1991 - 1992)Ben Doolan
50%
1989 - 1996 (1993 - 1994)Scott Watters
50%
1986 - 1995 (1993 - 1995)Ed Considine
49%
1986 - 1989, 1991 - 1992 (1991 - 1992)Jason Love
47.9%
1992 - 1993, 1995 - 1998 (1992 - 1993)Andrew McGovern
47.9%
1992 - 1994, 1996 - 1997 (1992 - 1994)Robert Neill
47.9%
1991 - 2000 (1994 - 1995)Peter Caven
46.9%
1987 - 1996 (1987 - 1995)Leon Higgins
45.8%
1998 - 1999, 2001 (1998)Brett O'Farrell
45.8%
1999 - 2000 (1999)Fred Campbell
45.8%
1990 - 1992Jim West
43.8%
1999 - 2002Gerrard Bennett
43.8%
1989 - 1994 (1993 - 1994)Michael Werner
42.7%
1979 - 1993 (1987 - 1993)Neil Cordy
41.7%
1987 - 1992 (1987 - 1991)Wayne Henwood
41.7%
1990 - 1994, 1996 - 1997 (1990 - 1994)Craig Nettelbeck
41.7%
Career Span (Club Span) Player % Correct
1988 - 1996 (1992)Stuart Wigney
39.6%
1987 - 1993 (1993)Paul Bryce
37.5%
1977 - 1990 (1986 - 1990)Merv Neagle
36.5%
1995 - 1997Dion Myles
36.5%
1980 - 1991 (1988 - 1991)Mark Eustice
35.4%
1990Paul Starbuck
35.4%
1987 - 1993 (1991)Mark Athorn
35.4%
1987 - 1994 (1992 - 1993)David Strooper
35.4%
1997 - 1998Mark Kinnear
34.4%
1990 - 1993Brad Tunbridge
32.3%
1984 - 1989, 1991 (1984 - 1987, 1991)Paul Hawke
32.3%
1991 - 1995Neil Brunton
32.3%
1990 - 1991, 1993 (1993)Tony Malakellis
32.3%
1994, 1998 (1994)Damian Lang
30.2%
1984 - 1990Michael Kennedy
28.1%
1990, 1993 (1993)Tony Begovich
27.1%
1987 - 1992, 1994 (1994)Mark Hepburn
27.1%
1999Will Sangster
27.1%
1990Shane Fell
26%
1992Paul Atkins
26%
1992Damien Angove
25%
1983 - 1984, 1987 - 1992Terry Thripp
24%
1990 - 1997 (1997)Shannon Corcoran
21.9%
1985 - 1992 (1990)Matthew Ryan
20.8%
1987 - 1991Matthew Lloyd
18.8%
1985 - 1992 (1991 - 1992)Warren McKenzie
18.8%
1993Andrew Thomson
18.8%
1984 - 1985, 1989 - 1990 (1989 - 1990)Tim Barling
16.7%
1979 - 1990 (1988 - 1990)Mark Kellett
16.7%
1988, 1990 (1990)Darren Denneman
16.7%
1987 - 1988, 1990 - 1991 (1990 - 1991)Robert Kerr
15.6%
1984 - 1987 - 1992 (1984, 1987 - 1990)Craig Potter
14.6%
1988 - 1991David Willis
14.6%
1992 - 1994 (1992)Alan Thorpe
14.6%
1987 - 1990Michael Phyland
13.5%
1990Brett Page
13.5%
1989 - 1992 (1989 - 1991)Glenn Page
13.5%
1989 - 1990Robert Teal
13.5%
1988 - 1990Michael Parsons
12.5%
1985 - 1986, 1988 - 1991Darren McAsey
12.5%
1991Brian Stanislaus
12.5%
1990 - 1991Chris O'Dwyer
11.5%
1993Richard Ambrose
11.5%
1990, 1992 - 1993 (1993)Aldo Dipetta
10.4%
1993 - 1994Gavin McMahon
10.4%
1993Nathan Irvin
9.4%
1986 - 1990, 1992 (1992)Allan McKellar
7.3%
1991Justin Clarkson
4.2%
1986 - 1987, 1990 (1990)David Wittey
2.1%

You're not logged in!

Compare scores with friends on all Sporcle quizzes.
Join for Free
OR
Log In

You Might Also Like...

Show Comments

Extras

Created Sep 25, 2011ReportNominate
Tags:afl, Swans Players, sydney

Top Quizzes Today


Score Distribution

Your Account Isn't Verified!

In order to create a playlist on Sporcle, you need to verify the email address you used during registration. Go to your Sporcle Settings to finish the process.

Report this User

Report this user for behavior that violates our Community Guidelines.

Details: